Programming websphere MQ with Java / (Record no. 39611)

MARC details
000 -LEADER
fixed length control field 00667nam a22002057a 4500
005 - DATE AND TIME OF LATEST TRANSACTION
control field 20100806104351.0
010 ## - LCCN (DPL NO)
LC control number ENG-98549
020 ## - INTERNATIONAL STANDARD BOOK NUMBER
International Standard Book Number 9780070144484
Terms of availability 495.00
020 ## - INTERNATIONAL STANDARD BOOK NUMBER
International Standard Book Number 0070144486
Terms of availability 495.00
035 ## - SYSTEM CONTROL NUMBER
System control number ENG-82082
037 ## - SOURCE OF ACQUISITION
Source of stock number/acquisition DBAD/PUB
100 ## - MAIN ENTRY--PERSONAL NAME
Personal name Jaggi, Kunal
245 ## - TITLE STATEMENT
Title Programming websphere MQ with Java /
Statement of responsibility, etc by Kunal Jaggi
260 ## - PUBLICATION, DISTRIBUTION, ETC. (IMPRINT)
Place of publication, distribution, etc New Delhi
Name of publisher, distributor, etc Tata McGraw Hill Education
Date of publication, distribution, etc 2010
270 ## - ADDRESS
Address 7 west Patel Nagar
City New Delhi
Postal code 110008
300 ## - PHYSICAL DESCRIPTION
Extent xiv,217p
Dimensions 22cm(pbk)
500 ## - GENERAL NOTE
General note Includes index
942 ## - ADDED ENTRY ELEMENTS (KOHA)
Source of classification or shelving scheme Dewey Decimal Classification
Item type English Books
Call number suffix JAG
Holdings
Withdrawn status Lost status Not for loan Collection code Home library Current library Date acquired Source of acquisition Cost, normal purchase price Full call number Barcode Copy number Cost, replacement price Koha item type
    Not For Loan Non-fiction D.B.Act.Division D.B.Act.Division 06/08/2010 DBAD/PUB 495.00 JAG EN-82082 1 495.00 English Books

© Delhi Public Library
Hit Counter
free hit counter